| 000 | 04405nam0a2200517 4500 | ||
|---|---|---|---|
| 001 | RU\NLR\BIBL_A\011941315 | ||
| 005 | 20250809113124.0 | ||
| 020 |
_aRU _9Ленинград в Великой Отечественной войне. Коллекция. Афиши |
||
| 035 | _a(NLR Aleph) 011941315 | ||
| 090 |
_a65306 _c65306 |
||
| 100 | _a20190219d1942 u y0rusy50 ca | ||
| 101 | 0 | _arus | |
| 102 | _aRU | ||
| 105 | _ay z 000zy | ||
| 135 | _acrcn 024anaba | ||
| 200 | 1 |
_aОдноактные комедии под режиссерством и при участии Народного артиста Республики Б. А. Горин-Горяинова, Заслуженного артиста РСФСР П. Е. [т. е. Е. П.] Студенцова и артистов гостеатров: П. И. Андриевского, Н. М. Железновой, П. А. Исаковой [и др.], 29-го, 31-го Октября и 1-го Ноября 1942 г. _e[афиша] _fУправление по делам искусств Исполкома Ленгорсовета, Зал камерных концертов |
|
| 210 |
_a[Ленинград] _c[б. и.] _d1942 |
||
| 215 |
_a1 с. _d67х89 |
||
| 300 | _aНачало в 17 часов. Анонс: В воскресенье, 1-го ноября, Два концерта-спектакля. Начало первого в 13 часов и второго в 17 часов. Билеты продаются ежедневно с 11 до 19 часов в кассе зала (2-й этаж) | ||
| 325 | _aКопия доступна в Электрон. б-ке РНБ | ||
| 327 | _aРепертуар: Четверг, 29 октября: 1. "Капризный зуб" - Г. Флоринского; 2. "Интервью" - М. Твена; 3. Рассказы - исп. Т. С. Цветкова; 4. "Провинциалка" - И. С. Тургенева. Суббота, 31 октября: 1. "Капризный зуб" - Г. Флоринского; 2. "Интервью" - М. Твена; 3. "Провинциалка" - И. С. Тургенева; 4. Рассказы - исп. Т. С. Цветкова. Воскресенье, 1 ноября: 1. "Капризный зуб" - Г. Флоринского; 2. "Интервью" - М. Твена; 3. Рассказы - исп. Т. С. Цветкова; 4. "Золотой телец" - С. Добржанского. Оформление сцены худ. И. П. Орленевой | ||
| 606 | 1 |
_aТеатральная жизнь _yЛенинград, город _z1941 - 1944 _jАфиши _2nlr_sh2 _3RU\NLR\AUTH\6601649837 |
|
| 686 | 1 | _aЩ333(2Р=Рус)7-692Ленинград | |
| 702 | 1 |
_aГорин-Горяинов _bБ. А. _cактер _f1883-1944 _gБорис Анатольевич _3RU\NLR\AUTH\770201579 _4005 |
|
| 702 | 1 |
_aСтуденцов _bЕ. П. _cактер _f1890-1943 _gЕвгений Павлович _3RU\NLR\AUTH\770201582 _4005 |
|
| 702 | 1 |
_aАндриевский _bП. И. _cактер, режиссер _f1885-1961 _gПетр Ильич _3RU\NLR\AUTH\770201646 _4005 |
|
| 702 | 1 |
_aЖелезнова _bН. М. _cактриса _f1899-1972 _gНина Михайловна _3RU\NLR\AUTH\770201650 _4005 |
|
| 702 | 1 |
_aИсакова _bА. А. _cактриса _3RU\NLR\AUTH\770201656 _4005 |
|
| 712 | 0 | 2 |
_aЗал камерных концертов _cЛенинград _3RU\NLR\AUTH\880495405 _4570 |
| 852 |
_aNLR _jЛз-330а/12/3/1942-окт.-ноябрь |
||
| 856 | 0 | _uhttp://vivaldi.nlr.ru/la700000116/view | |
| 856 | 1 | _uhttp://vivaldi.nlr.ru/la700000116/cover | |
| 856 | 2 | _uhttp://vivaldi.nlr.ru/la700000116/text | |
| 942 | _cVISUAL | ||
| 945 | _aРоссийская национальная библиотека | ||
| 980 | _aNB | ||
| 980 | _aBV | ||
| 980 | 3 | _akplen | |
| 980 | 3 | _akp | |
| 981 | 3 | 7 |
_a(37) Ленинград в Великой Отечественной войне _b(37) Афиши блокадного Ленинграда |